Socio-economic ideas of Jawaharlal Nehru (Record no. 406179)

000 -LEADER
fixed length control field 00419cam a22001337a 4500
008 - FIXED-LENGTH DATA ELEMENTS--GENERAL INFORMATION
fixed length control field 180718b2006 xxu||||| |||| 00| 0 eng d
020 ## - INTERNATIONAL STANDARD BOOK NUMBER
International Standard Book Number 8188086452
082 ## - DEWEY DECIMAL CLASSIFICATION NUMBER
Classification number A99/N315 Z655
245 ## - TITLE STATEMENT
Title Socio-economic ideas of Jawaharlal Nehru
Statement of responsibility, etc. edited by Taufiq A. Nizami
260 ## - PUBLICATION, DISTRIBUTION, ETC.
Place of publication, distribution, etc. New Delhi
Name of publisher, distributor, etc. Icon Pub.
Date of publication, distribution, etc. 2006
300 ## - PHYSICAL DESCRIPTION
Extent 256p.
650 ## - SUBJECT ADDED ENTRY--TOPICAL TERM
Topical term or geographic name entry element Nehru, Jawahar Lal - Views on socio-economic aspects
700 ## - ADDED ENTRY--PERSONAL NAME
Personal name Nizami, Taufiq A.
Holdings
Withdrawn status Lost status Damaged status Not for loan Permanent Location Current Location Date acquired Full call number Barcode Date last seen Price effective from Koha item type
        Indian Institute of Public Administration Indian Institute of Public Administration 2006-11-30 A99/N315 Z655 81530 2018-07-21 2018-07-21 Book

Powered by Koha